000
00288nam a22001337a 4500
008
170831b xxu||||| |||| 00| 0 eng d
020
_a
9780534579333
041
_a
eng
080
_2
3RD
_a
070
100
_a
40
101
_a
MED
245
_a
MEDIA DEBATES
_c
DENNIS,E,E
942
_2
udc
_c
BK
999
_c
25688
_d
25688